Villain First Names - Statistics

General Stats
  • This quiz has been taken 23 times
  • The average score is 7 of 15
Answer Stats
Answer Last Name % Correct
Hannibal Lecter
83%
Michael Myers
83%
Freddy Krueger
78%
Jason Voorhees
74%
Jack Torrance
61%
Hans Gruber
57%
Norman Bates
57%
Tony Montana
48%
Anton Chigurh
43%
Sheev Palpatine
35%
Auric Goldfinger
26%
Ernst Blofeld
26%
Alex DeLarge
17%
Julius No
13%
Nathaniel Jessep
9%
No matching quizzes found
Score Distribution
Percent of People with Each Score
Percentile by Number Answered
Your Score History
You have not taken this quiz